Southville International School and Colleges
Your cart is empty.
  • Cart
  • Lists
    Public lists Eva Luna New books Lux_list list_1
    Your lists Log in to create your own lists
  • Log in to your account
  • Your cookies
  • Search history
Southville International School and Colleges
  • Advanced search
  • Recent comments
  • Most popular
  • Libraries

Log in to your account

Log in with GOOGLE


If you do not have an external account, but do have a local account, you can still log in:

  1. Home
  2. MARC view: Literacy leadership for grades 5-12 /
Normal view MARC view ISBD view

Literacy leadership for grades 5-12 / (Record no. 12604)

[ view plain ]
MARC details
000 -LEADER
fixed length control field 01549cam a22003494a 4500
001 - CONTROL NUMBER
control field 12989870
003 - CONTROL NUMBER IDENTIFIER
control field OSt
005 - DATE AND TIME OF LATEST TRANSACTION
control field 20160602135846.0
008 - FIXED-LENGTH DATA ELEMENTS--GENERAL INFORMATION
fixed length control field 021101s2003 vaua b 001 0 eng
010 ## - LIBRARY OF CONGRESS CONTROL NUMBER
LC control number 2002153096
020 ## - INTERNATIONAL STANDARD BOOK NUMBER
International Standard Book Number 9780871207456
040 ## - CATALOGING SOURCE
Original cataloging agency DLC
Transcribing agency DLC
Modifying agency DLC
042 ## - AUTHENTICATION CODE
Authentication code pcc
043 ## - GEOGRAPHIC AREA CODE
Geographic area code n-us---
050 00 - LIBRARY OF CONGRESS CALL NUMBER
Classification number LB 1631
Item number .T245 2003
082 00 - DEWEY DECIMAL CLASSIFICATION NUMBER
Classification number GLT 428.00712
Item number T21 2003
100 1# - MAIN ENTRY--PERSONAL NAME
Personal name Taylor, Rosemarye,
Dates associated with a name 1950-
9 (RLIN) 22663
245 10 - TITLE STATEMENT
Title Literacy leadership for grades 5-12 /
Statement of responsibility, etc Rosemarye Taylor [and] Valerie Doyle Collins.
260 ## - PUBLICATION, DISTRIBUTION, ETC. (IMPRINT)
Place of publication, distribution, etc Alexandria, Va. :
Name of publisher, distributor, etc Association for Supervision and Curriculum Development,
Date of publication, distribution, etc c2003.
300 ## - PHYSICAL DESCRIPTION
Extent v, 132 p. :
Other physical details ill. ;
Dimensions 23 cm.
504 ## - BIBLIOGRAPHY, ETC. NOTE
Bibliography, etc Includes bibliographical references (p. 125-128) and index.
505 0# - FORMATTED CONTENTS NOTE
Formatted contents note Committing to literacy leadership -- Using data to design a system of literacy -- Aligning curriculum, instruction, learning tools, and assessment -- Creating classrooms for literacy learning -- Designing professional development to ensure success -- Building capacity for continuous development.
562 ## - COPY AND VERSION IDENTIFICATION NOTE
Number of copies 1
650 #0 - SUBJECT ADDED ENTRY--TOPICAL TERM
Topical term or geographic name as entry element Language arts (Middle school)
Geographic subdivision United States.
9 (RLIN) 22664
650 #0 - SUBJECT ADDED ENTRY--TOPICAL TERM
Topical term or geographic name as entry element Language arts (Secondary)
Geographic subdivision United States.
9 (RLIN) 22665
650 #0 - SUBJECT ADDED ENTRY--TOPICAL TERM
Topical term or geographic name as entry element School administrators
Geographic subdivision United States.
9 (RLIN) 22666
700 1# - ADDED ENTRY--PERSONAL NAME
Personal name Collins, Valerie Doyle,
Dates associated with a name 1955-
9 (RLIN) 22667
906 ## - LOCAL DATA ELEMENT F, LDF (RLIN)
a 7
b cbc
c orignew
d 1
e ecip
f 20
g y-gencatlg
942 ## - ADDED ENTRY ELEMENTS (KOHA)
Source of classification or shelving scheme Library of Congress Classification
Koha item type Books
Holdings
Withdrawn status Lost status Source of classification or shelving scheme Damaged status Home library Current library Shelving location Date acquired Source of acquisition Total Checkouts Full call number Barcode Date last seen Copy number Price effective from Koha item type
    Library of Congress Classification   Luxembourg Library Luxembourg Library Genevive Ledesma - Tan Section 10/01/2013 Donation   LB 1631 .T245 2003 11688 10/01/2013 1 10/01/2013 Books

Literacy leadership for grades 5-12 /

APA

Taylor R., Collins V. D., . (2003). Literacy leadership for grades 5-12. Alexandria, Va: Association for Supervision and Curriculum Development.

Chicago

Taylor Rosemarye, Collins Valerie Doyle, . 2003. Literacy leadership for grades 5-12. Alexandria, Va: Association for Supervision and Curriculum Development.

Harvard

Taylor R., Collins V. D., . (2003). Literacy leadership for grades 5-12. Alexandria, Va: Association for Supervision and Curriculum Development.

MLA

Taylor Rosemarye, Collins Valerie Doyle, . Literacy leadership for grades 5-12. Alexandria, Va: Association for Supervision and Curriculum Development. 2003.

  • Place hold
  • Print
  • Cite
  • Add to your cart (remove)
  • Save record
    BIBTEX Dublin Core MARCXML MARC (non-Unicode/MARC-8) MARC (Unicode/UTF-8) MARC (Unicode/UTF-8, Standard) MODS (XML) RIS
  • More searches
    Search for this title in:
    Other Libraries (WorldCat) Other Databases (Google Scholar) Online Stores (Bookfinder.com) Open Library (openlibrary.org)

Exporting to Dublin Core...

SOUTHVILLE LIBRARY

Southville International School and Colleges Library

1281 Tropical Ave. Cor. Luxembourg St., BF Homes International, Las Pinas City

Tel. No. 8256374 / 252358 Loc. 117/146

Powered by Koha